Bicentenario de la "Real Expedición Filantrópica de la Vacuna" (Record no. 102939)

MARC details
000 -LEADER
campo de control de longitud fija 00798nam a2200229 i 4500
001 - NÚMERO DE CONTROL
campo de control 102939
003 - IDENTIFICADOR DE NÚMERO DE CONTROL
campo de control ES-MaACL
005 - FECHA Y HORA DE LA ÚLTIMA TRANSACCIÓN
campo de control 20230906183224.0
007 - CAMPO FIJO DE DESCRIPCIÓN FÍSICA--INFORMACIÓN GENERAL
campo de control de longitud fija t|
008 - DATOS DE LONGITUD FIJA--INFORMACIÓN GENERAL
campo de control de longitud fija 051221s2004 sp a |||| |dspa d
080 ## - NÚMERO DE LA CLASIFICACIÓN DECIMAL UNIVERSAL
Número de la Clasificación Decimal Universal 929 Balmis, Francisco Javier
080 ## - NÚMERO DE LA CLASIFICACIÓN DECIMAL UNIVERSAL
Número de la Clasificación Decimal Universal 910.4(100)"18"
080 ## - NÚMERO DE LA CLASIFICACIÓN DECIMAL UNIVERSAL
Número de la Clasificación Decimal Universal 616.912-084.47"18"
245 00 - MENCIÓN DEL TÍTULO
Título Bicentenario de la "Real Expedición Filantrópica de la Vacuna"
Resto del título : 1803 a 1806-2003 a 2006.
260 ## - PUBLICACIÓN, DISTRIBUCIÓN, ETC.
Lugar de publicación, distribución, etc. Madrid :
Nombre del editor, distribuidor, etc. Medina Militar,
Fecha de publicación, distribución, etc. 2004.
300 ## - DESCRIPCIÓN FÍSICA
Extensión p. 65-160 :
Otras características físicas il. ;
Dimensiones 30 cm.
595 ## -
-- Es el v. 60, n. 2 de: Revista medicina militar, 2004.
600 14 - PUNTO DE ACCESO ADICIONAL DE MATERIA--NOMBRE DE PERSONA
Nombre de persona Balmis, Francisco Javier.
9 (RLIN) 25099
611 24 - PUNTO DE ACCESO ADICIONAL DE MATERIA--NOMBRE DE REUNIÓN/CONGRESO
Nombre de congreso/reunión o jurisdicción como elemento de entrada Expedición Marítima de la Vacuna (.
Fecha del congreso o de la firma del tratado 1803-1810)
9 (RLIN) 162901
650 14 - PUNTO DE ACCESO ADICIONAL DE MATERIA--TÉRMINO DE MATERIA
Término de materia o nombre geográfico como elemento de entrada Viruela-
Subdivisión general Vacunación-
Subdivisión de forma Historia.
9 (RLIN) 17831
852 ## - LOCALIZACIÓN
Ubicación ES-MaACL
Número de control de estantería 2198-F-15
Holdings
Estatus retirado Estado de pérdida Estado de daño No para préstamo Colección Biblioteca de origen Biblioteca actual Ubicación en estantería Fecha de adquisición Fuente de adquisición Total de préstamos Signatura topográfica completa Código de barras Visto por última vez Precio de reemplazo Tipo de ítem Koha
        Colección de folletos Biblioteca del Ateneo de Madrid Biblioteca del Ateneo de Madrid Depósito folletos 17/01/2008     2198-F-15 1107480 23/02/2023 23/02/2023 Folleto